[Event "Kouty nad Desnou op-A"]
[Site "Kouty nad Desnou"]
[Date "2024.03.14"]
[Round "7"]
[White "Blahos, Michal"]
[Black "Brychta, David1"]
[Result "0-1"]
[WhiteElo "1518"]
[BlackElo "1555"]
[PlyCount "36"]
[EventDate "2024.03.09"]
[EventType "swiss"]
[EventRounds "9"]
[EventCountry "CZE"]
[SourceTitle "CB13_2024"]
[SourceDate "2024.03.27"]
[SourceVersion "1"]
[SourceVersionDate "2024.03.27"]
[SourceQuality "1"]

1. e4 c5 2. Nf3 g6 3. d4 cxd4 4. Qxd4 Nf6 5. e5 Nc6 6. Qa4 Nd5 7. Bd2 e6 8. Nc3 Nxc3 9. Bxc3 Bg7 10. Be2 0-0 11. 0-0-0 Qc7 12. Qe4 a6 13. g4 b5 14. h4 Bb7 15. h5 Ne7 16. Qd3 Nd5 17. hxg6 fxg6 18. Rh2 Nf4 0-1

[Event "Kouty nad Desnou op-A"]
[Site "Kouty nad Desnou"]
[Date "2024.03.10"]
[Round "2"]
[White "Blahos, Michal"]
[Black "Mlynek, Jakub"]
[Result "1-0"]
[WhiteElo "1518"]
[BlackElo "1666"]
[PlyCount "55"]
[EventDate "2024.03.09"]
[EventType "swiss"]
[EventRounds "9"]
[EventCountry "CZE"]
[SourceTitle "CB13_2024"]
[SourceDate "2024.03.27"]
[SourceVersion "1"]
[SourceVersionDate "2024.03.27"]
[SourceQuality "1"]

1. d4 Nf6 2. Bf4 d5 3. e3 Bf5 4. Nf3 e6 5. Bd3 Bg6 6. a3 c5 7. Bxb8 Rxb8 8. Bb5+ Nd7 9. Ne5 Qa5+ 10. Nc3 Rd8 11. Bxd7+ Rxd7 12. Nxd7 Kxd7 13. dxc5 Qxc5 14. 0-0 Be7 15. e4 d4 16. Re1 Rd8 17. Qd3 a6 18. Rad1 Ke8 19. Ne2 Bf6 20. Nf4 Bh5 21. Nxh5 Qxh5 22. Qg3 Be5 23. f4 Bf6 24. e5 Bh4 25. Qh3 Qh6 26. g3 Bg5 27. Qxh6 Bxh6 28. Re4 1-0